000 00544nam a2200181Ia 4500
999 _c3618
_d3618
003 OSt
005 20200821122329.0
008 190216s9999||||xx |||||||||||||| ||und||
020 _a9788121908832
040 _coclc
082 _a628.5
_bDAR/T
100 _aDara, S S
_94266
245 0 _aA Textbook Of Environmental Chemistry And Pollution Control /
_cS S Dara ; D D Mishra
260 _bS Chand & Company,
_c2014.
_aNew Delhi:
300 _a522p
650 _aChemistry
942 _cBK
_2ddc
_h628.5
_iDAR/T
_k628.5
_mDAR/T